Detalles MARC
| 000 -CABECERA |
| Longitud fija campo de control |
02475nam a2200421 c 4500 |
| 001 - NÚMERO DE CONTROL |
| Número de control |
53193 |
| 003 - IDENTIFICADOR DE NÚMERO DE CONTROL |
| Identificador del número de control |
ES-MaCES |
| 005 - FECHA Y HORA DE LA ÚLTIMA TRANSACCIÓN |
| Fecha y hora de la última transacción |
20250203133029.0 |
| 008 - CAMPO FIJO DE DESCRIPCIÓN FIJA--INFORMACIÓN GENERAL |
| Códigos de información de longitud fija |
240521s2024 uk | 000 ||eng d |
| 020 ## - ISBN (INTERNATIONAL STANDARD BOOK NUMBER) |
| Número Internacional Normalizado para Libros (ISBN) |
9781009355339 |
| 040 ## - FUENTE DE CATALOGACIÓN |
| Centro catalogador de origen |
ES-MaCES |
| Lengua de catalogación |
spa |
| Centro transcriptor |
ES-MaCES |
| 100 1# - ENCABEZAMIENTO PRINCIPAL--NOMBRE PERSONAL |
| 9 (RLIN) |
41069 |
| Nombre de persona |
Wilson, Andrew |
| 245 10 - MENCIÓN DE TÍTULO |
| Título |
Political technology |
| Resto del título |
: the globalisation of political manipulation |
| Mención de responsabilidad, etc. |
Andrew Wilson |
| 250 ## - MENCIÓN DE EDICIÓN |
| Mención de edición |
1st ed |
| 260 ## - PUBLICACIÓN, DISTRIBUCIÓN, ETC (PIE DE IMPRENTA) |
| Lugar de publicación, distribución, etc. |
Cambridge [etc.] |
| Nombre del editor, distribuidor, etc. |
Cambridge University Press |
| Fecha de publicación, distribución, etc. |
2024 |
| 300 ## - DESCRIPCIÓN FÍSICA |
| Extensión |
XII, 468 p. |
| Dimensiones |
23 cm |
| 500 ## - NOTA GENERAL |
| Nota general |
Índices |
| 520 3# - RESUMEN, ETC. |
| Sumario, etc, |
"Tecnología política" es un término ruso para designar la ingeniería profesional de la política. Ha convertido la política rusa en teatro y propaganda, y ha hecho metástasis para hacerse cargo de la política exterior y convertir la historia en un arma. La guerra contra Ucrania es un resultado. En Occidente los asesores políticos hacen más que influir en los medios o realizar campañas: también han ayudado a construir universos paralelos de realidad política alternativa. Hungría ha utilizado la tecnología política para desmantelar la democracia. El BJP en India lo ha utilizado para consolidar un poder sin precedentes. Los diferentes países aprenden unos de otros. Algunos tipos de tecnología política se han vuelto notorios, como las granjas de trolls o la minería de datos; pero ahora existe una industria mayorista global que vende una variedad de técnicas de manipulación, desde astroturfing hasta fiestas falsas y aplicaciones de propaganda. Este libro muestra que la 'tecnología política' es mucho más que desinformación en línea: se trata de industrias completamente nuevas de ingeniería política. |
| 541 ## - NOTA DE LA FUENTE INMEDIANTE DE ADQUISICIÓN |
| Forma de adquisición |
Compra |
| 650 #4 - ASIENTO SECUNDARIO DE MATERIA--TÉRMINO DE MATERIA |
| Término de materia o nombre geográfico como elemento inicial |
tecnología |
| 9 (RLIN) |
28238 |
| 650 #4 - ASIENTO SECUNDARIO DE MATERIA--TÉRMINO DE MATERIA |
| Término de materia o nombre geográfico como elemento inicial |
tecnología de la información |
| 9 (RLIN) |
30104 |
| 650 #4 - ASIENTO SECUNDARIO DE MATERIA--TÉRMINO DE MATERIA |
| Término de materia o nombre geográfico como elemento inicial |
industria de alta tecnología |
| 9 (RLIN) |
30473 |
| 650 #4 - ASIENTO SECUNDARIO DE MATERIA--TÉRMINO DE MATERIA |
| Término de materia o nombre geográfico como elemento inicial |
evaluación del impacto |
| 9 (RLIN) |
30732 |
| 650 #4 - ASIENTO SECUNDARIO DE MATERIA--TÉRMINO DE MATERIA |
| Término de materia o nombre geográfico como elemento inicial |
política |
| 9 (RLIN) |
27246 |
| 650 #4 - ASIENTO SECUNDARIO DE MATERIA--TÉRMINO DE MATERIA |
| Término de materia o nombre geográfico como elemento inicial |
comportamiento político |
| 9 (RLIN) |
27237 |
| 650 #4 - ASIENTO SECUNDARIO DE MATERIA--TÉRMINO DE MATERIA |
| Término de materia o nombre geográfico como elemento inicial |
propaganda |
| 9 (RLIN) |
27937 |
| 650 #4 - ASIENTO SECUNDARIO DE MATERIA--TÉRMINO DE MATERIA |
| Término de materia o nombre geográfico como elemento inicial |
política de información |
| 9 (RLIN) |
29434 |
| 650 #4 - ASIENTO SECUNDARIO DE MATERIA--TÉRMINO DE MATERIA |
| Término de materia o nombre geográfico como elemento inicial |
difusión de la información |
| 9 (RLIN) |
28915 |
| 650 #4 - ASIENTO SECUNDARIO DE MATERIA--TÉRMINO DE MATERIA |
| Término de materia o nombre geográfico como elemento inicial |
control social |
| 9 (RLIN) |
27287 |
| 650 #4 - ASIENTO SECUNDARIO DE MATERIA--TÉRMINO DE MATERIA |
| Término de materia o nombre geográfico como elemento inicial |
poder político |
| 9 (RLIN) |
27200 |
| 650 #4 - ASIENTO SECUNDARIO DE MATERIA--TÉRMINO DE MATERIA |
| Término de materia o nombre geográfico como elemento inicial |
política exterior |
| 9 (RLIN) |
26687 |
| 650 #4 - ASIENTO SECUNDARIO DE MATERIA--TÉRMINO DE MATERIA |
| Término de materia o nombre geográfico como elemento inicial |
estudio de casos |
| 9 (RLIN) |
28846 |
| 650 #4 - ASIENTO SECUNDARIO DE MATERIA--TÉRMINO DE MATERIA |
| Término de materia o nombre geográfico como elemento inicial |
teoría política |
| 9 (RLIN) |
27233 |
| 653 10 - TÉRMINO DE INDEXACIÓN--NO CONTROLADO |
| Término no controlado |
Ciencias Sociales-Políticas |
| 710 2# - ENCABEZAMIENTO SECUNDARIO--NOMBRE CORPORATIVO |
| 9 (RLIN) |
1710 |
| Nombre de entidad o nombre de jurisdicción como elemento inicial |
Cambridge University |
| Término indicativo de función |
ed. |
| 902 ## - CES. TIPO DE DOCUMENTO |
| Tipodoc (006$c Sirtex) |
LIB Libro |
| 942 ## - ELEMENTOS KOHA |
| Fuente de clasificaión o esquema |
Clasificación propia del CES |
| Koha [por defecto] tipo de item |
Monografías |
| Parte de clasificación |
Ciencias Sociales Politicas Empresariale |